7000 milliárd forintot kapnak a vállalkozások
Elmentve itt :
| Dokumentumtípus: | Cikk |
|---|---|
| Megjelent: |
2015-07-08
|
| Sorozat: | Délmagyarország
|
| Kulcsszavak: | Előadás, Csepreghy Nándor fejlesztéspolitikai kommunikációért felelős helyettes államtitkár, Országos roadshow, uniós pályázati lehetőségek, Tanulmányi és Információs Központ |
| Online Access: | http://univ.bibl.u-szeged.hu/44565 |
| LEADER | 00625nab a2200157 i 4500 | ||
|---|---|---|---|
| 001 | univ44565 | ||
| 005 | 20171214103910.0 | ||
| 008 | 171214s2015 hu o 0|| zxx d | ||
| 040 | |a SZTE UnivHistória Repozitórium |b hun | ||
| 041 | |a zxx | ||
| 245 | 0 | 0 | |a 7000 milliárd forintot kapnak a vállalkozások |h [elektronikus dokumentum] |
| 260 | |c 2015-07-08 | ||
| 300 | |a 3 | ||
| 490 | 0 | |a Délmagyarország | |
| 561 | |a Egyetemi hirarchívum | ||
| 695 | |a Előadás, Csepreghy Nándor fejlesztéspolitikai kommunikációért felelős helyettes államtitkár, Országos roadshow, uniós pályázati lehetőségek, Tanulmányi és Információs Központ | ||